Record Details

The Wrong Side Of Magic

Janette Rallison (Author).

Record details

  • ISBN: 9781250074287
  • Physical Description: Hardcover
  • Edition: First Edition
  • Publisher: New York: Feiwel & Friends, 2016.
Subject: Imaginary Places--Juvenile fiction.

Available copies

  • 1 of 1 copy available at Headquarters.
Location Call Number / Copy Notes Barcode Shelving Location Status Due Date
Accra Central Library 201 FIC/RAL 000000155526 Adult Fiction - LEND Available -

No reviews or recommendations are currently available.
Content not yet available.

Loading shelf browser…

LDR 00620cam a2200205Ka 4500
0012901
003HQ
00520200218105848.0
008070101s xxk br 1 eng d
020 . ‡a9781250074287
037 . ‡aBook Aid
082 . ‡aFIC/RAL
100 . ‡aJanette Rallison
245 . ‡aThe Wrong Side Of Magic
250 . ‡aFirst Edition
260 . ‡aNew York: ‡bFeiwel & Friends, ‡c2016.
300 . ‡aHardcover
650 . ‡aImaginary Places--Juvenile fiction.
901 . ‡a2901 ‡bAUTOGEN ‡c2901 ‡tbiblio

Session Timeout

Your session will expire in minutes and seconds.

If you need more time, please click "Continue Session."

Session Ended

Your session has ended. Redirecting to the home page...